00395nam a22001457a 450000500170000000800410001702000180005804100120007608200120008810000120010024500350011226000460014730000310019365000250022420240822071609.0240822b |||||||| |||| 00| 0 eng d a9781485140160 aEnglish a349 YEA lEnglish aYearbook of South African Law  aCape Town: bJuta and Company Ltd, c2023 blvi, 1237 pages; c25 cm.  aLegal practice bLaw